Acer aspire gemstone blue : Thiết kế độc đáo đi đôi với độ sắc nét cao /

Bewaard in:
Bibliografische gegevens
Formaat: Artikel
Taal:Vietnamese
Onderwerpen:
Tags: Voeg label toe
Geen labels, Wees de eerste die dit record labelt!
Thư viện lưu trữ: Thư viện Trường Đại học Đà Lạt
LEADER 00761nam a2200253 4500
001 DLU100114517
005 ##20101223
040 # # |a DLU  |b vie 
041 # # |a vie 
044 # # |a vn 
245 # # |a Acer aspire gemstone blue :  |b Thiết kế độc đáo đi đôi với độ sắc nét cao /  |c Tin học và đời sống. 
653 # # |a Công nghệ cao 
653 # # |a Máy tính  
653 # # |a Vi xử lí 
773 # # |t Tin học và đời sống  |g Số 5(113), 2008, tr. 52-53 
920 # # |a Phòng Tạp chí -- Trung tâm Thông tin - Thư viện Trường Đại học Đà Lạt 
994 # # |a DLU 
900 # # |a True 
911 # # |a Nguyễn Thị Linh Chi 
925 # # |a G 
926 # # |a A 
927 # # |a BB 
980 # # |a Thư viện Trường Đại học Đà Lạt